| 000 | 01380cam a22003858i 4500 | ||
|---|---|---|---|
| 001 | 19278822 | ||
| 003 | DLC | ||
| 005 | 20170705163417.0 | ||
| 008 | 160919s2017 mnu j b 001 0 spa | ||
| 010 | _a 2016042724 | ||
| 020 | _a9781512441246 (hard library binding : alk. paper) | ||
| 020 | _a9781512454048 (pbk. : alk. paper) | ||
| 040 |
_aDLC _beng _erda _cDLC |
||
| 042 | _apcc | ||
| 043 | _aa-ja--- | ||
| 050 | 0 | 0 |
_aDS806 _b.M61718 2017 |
| 082 | 0 | 0 |
_a952 _223 |
| 100 | 1 |
_aMoon, Walt K., _eauthor. |
|
| 245 | 1 | 0 |
_aExploremos Japón / _cpor Walt K. Moon. |
| 260 |
_aMinneapolis : _bEdiciones Lerner, _c[2017] |
||
| 264 | 1 |
_aMinneapolis : _bEdiciones Lerner, _c[2017] |
|
| 300 |
_a24 pages : _bcolor illustrations ; _c24 cm |
||
| 336 |
_atext _btxt _2rdacontent |
||
| 337 |
_aunmediated _bn _2rdamedia |
||
| 338 |
_avolume _bnc _2rdacarrier |
||
| 490 | 0 | _aBumba books en español-- Exploremos países | |
| 504 | _aIncludes bibliographical references and index. | ||
| 505 | 0 | _aUna visita a Japón -- Mapa de Japón -- Glosario de las fotografías. | |
| 521 | 0 | _aAges 4-7. | |
| 521 | 0 | _aGrades K-3. | |
| 651 | 0 |
_aJapan _vJuvenile literature. |
|
| 776 | 0 | 8 |
_iOnline version: _aMoon, Walt K., author. _tExploremos Japón _dMinneapolis : Ediciones Lerner, [2017] _z9781512449846 _w(DLC) 2016043099 |
| 942 |
_2ddc _cBK |
||
| 999 |
_c18109 _d18109 |
||